000 01590cam a22003737a 4500
999 _c25706
_d25706
001 13342535
005 20170201102218.0
008 030912s2003 nyua bc 000 0 eng d
010 _a 2003112777
015 _aGBA3-V6335
016 7 _a0870700952
_2Uk
020 _a0870700952 (pbk.) :
_c£18.95
035 _a(DLC)13342535
040 _aStDuBDS
_cStDuBDS
_dUk
_dCStRLIN
_dNNMoMA
_dDLC
042 _alccopycat
050 0 0 _aNA6230
_b.T338 2003
245 0 0 _aTall buildings /
_cpreface by Terence Riley ; essay by Guy Nordenson.
260 _aNew York :
_bMuseum of Modern Art :
_bDistributed in the U.S. and Canada by D.A.P.,
_cc2003.
300 _a192 p. :
_bill. (chiefly col.) ;
_c31 cm.
500 _aCatalog of an exhibition held at MoMA QNS, July 16-Sept. 27, 2004, organized by Terence Riley and Guy Nordenson.
504 _aIncludes bibliographical references.
650 0 _aTall buildings
_vExhibitions.
650 0 _aArchitecture, Modern
_y20th century
_vExhibitions.
650 0 _aArchitecture, Modern
_y21st century
_vExhibitions.
700 1 _aRiley, Terence.
700 1 _aNordenson, Guy.
710 2 _aMuseum of Modern Art (New York, N.Y.)
942 _2lcc
_cBOOKS
_hNA6230 .T338 2003